<?xml version="1.0" encoding="UTF-8"?>
<record
    xmlns:xsi="http://www.w3.org/2001/XMLSchema-instance"
    xsi:schemaLocation="http://www.loc.gov/MARC21/slim http://www.loc.gov/standards/marcxml/schema/MARC21slim.xsd"
    xmlns="http://www.loc.gov/MARC21/slim">

  <leader>01014cam a2200253 a 4500</leader>
  <controlfield tag="001">sa 59056629 </controlfield>
  <controlfield tag="003">DLC</controlfield>
  <controlfield tag="005">20260227111912.0</controlfield>
  <controlfield tag="008">040803s1919    pl       b    000 0 eng  </controlfield>
  <datafield tag="010" ind1=" " ind2=" ">
    <subfield code="a">sa 59056629 </subfield>
  </datafield>
  <datafield tag="035" ind1=" " ind2=" ">
    <subfield code="a">(OCoLC)ocm22333091</subfield>
  </datafield>
  <datafield tag="040" ind1=" " ind2=" ">
    <subfield code="a">DLC</subfield>
    <subfield code="c">DLC</subfield>
  </datafield>
  <datafield tag="041" ind1="0" ind2=" ">
    <subfield code="a">eng</subfield>
    <subfield code="a">san</subfield>
  </datafield>
  <datafield tag="050" ind1="0" ind2="0">
    <subfield code="a">PJ25</subfield>
    <subfield code="b">.P6 nr. 2</subfield>
    <subfield code="a">PK2903</subfield>
  </datafield>
  <datafield tag="100" ind1="1" ind2=" ">
    <subfield code="a">Gawro&#x144;ski, Andrzej,</subfield>
    <subfield code="d">1885-1927.</subfield>
  </datafield>
  <datafield tag="245" ind1="1" ind2="0">
    <subfield code="a">Studies about the Sanskrit Buddhist literature /</subfield>
    <subfield code="c">Andrzej Gawro&#x144;ski.</subfield>
  </datafield>
  <datafield tag="260" ind1=" " ind2=" ">
    <subfield code="a">W Krakowie :</subfield>
    <subfield code="b">Nak&#x142;adem Akademji Umiej&#x119;tno&#x15B;ci,</subfield>
    <subfield code="c">1919.</subfield>
  </datafield>
  <datafield tag="300" ind1=" " ind2=" ">
    <subfield code="a">80 p. ;</subfield>
    <subfield code="c">24 cm.</subfield>
  </datafield>
  <datafield tag="490" ind1="1" ind2=" ">
    <subfield code="a">Prace Komisji Orjentalistycznej Polskiej Akademji Umiej&#x119;tno&#x15B;ci =</subfield>
    <subfield code="a">M&#xE9;moires de la Commission orientale de l'Acad&#xE9;mie polonaise des sciences et des lettres ;</subfield>
    <subfield code="v">nr 2</subfield>
  </datafield>
  <datafield tag="546" ind1=" " ind2=" ">
    <subfield code="a">Inlcudes passages in Sanskrit.</subfield>
  </datafield>
  <datafield tag="504" ind1=" " ind2=" ">
    <subfield code="a">Includes bibliographical references.</subfield>
  </datafield>
  <datafield tag="650" ind1=" " ind2="0">
    <subfield code="a">Sanskrit literature</subfield>
    <subfield code="x">History and criticism.</subfield>
  </datafield>
  <datafield tag="830" ind1=" " ind2="0">
    <subfield code="a">Prace Komisji Orjentalistycznej Polskiej Akademji Umiej&#x119;tno&#x15B;ci w Krakowie ;</subfield>
    <subfield code="v">nr 2.</subfield>
  </datafield>
  <datafield tag="999" ind1=" " ind2=" ">
    <subfield code="c">52793</subfield>
    <subfield code="d">52793</subfield>
  </datafield>
</record>
